000
00187 a2200097 4500
020
_a
9781786283016
041
_a
spa
100
_a
Carol Thompson
245
_a
Soy sorprendente
942
_c
K
999
_c
26531
_d
26531